México to-day (Record no. 3248)

MARC details
000 -CABECERA
campo de control de longitud fija 00846nam a2200253 a 4500
001 - NÚMERO DE CONTROL
campo de control BRCA_3513
005 - FECHA Y HORA DE LA ÚLTIMA TRANSACCIÓN
campo de control 20190320204321.0
008 - DATOS DE LONGITUD FIJA--INFORMACIÓN GENERAL
campo de control de longitud fija 250709s1883----enka######---#000-0#eng-#
041 ## - CÓDIGO DE LENGUA
Código de lengua del texto/banda sonora o título independiente eng
044 ## - CÓDIGO DEL PAÍS DE LA ENTIDAD EDITORA/PRODUCTORA
Código MARC del país enk
050 #4 - SIGNATURA TOPOGRÁFICA DE LA BIBLIOTECA DEL CONGRESO
Número de clasificación F1215
Número de documento/Ítem .B76 1883
100 1# - ENTRADA PRINCIPAL--NOMBRE DE PERSONA
Nombre de persona Brocklehurts, Thomas Unett.
9 (RLIN) 9130
245 10 - MENCIÓN DE TÍTULO
Título México to-day
Resto del título a country with a great future, and a glancelat the prehistoric remains and antiquities of de Montezumas
Mención de responsabilidad, etc. by Thomas Unett Brocklehurst.
260 ## - PUBLICACIÓN, DISTRIBUCIÓN, ETC.
Lugar de publicación, distribución, etc. London
Nombre del editor, distribuidor, etc. J. Murray
Fecha de publicación, distribución, etc. 1883
300 ## - DESCRIPCIÓN FÍSICA
Extensión 259 p.
Otras características físicas il. lvi láminas (algunas a color)
Dimensiones 22 cm.
500 ## - NOTA GENERAL
Nota general Incluye lista de ilustraciones
500 ## - NOTA GENERAL
Nota general B117
650 14 - PUNTO DE ACCESO ADICIONAL DE MATERIA--TÉRMINO DE MATERIA
Término de materia o nombre geográfico como elemento de entrada Viajeros ingleses.
9 (RLIN) 7018
650 14 - PUNTO DE ACCESO ADICIONAL DE MATERIA--TÉRMINO DE MATERIA
Término de materia o nombre geográfico como elemento de entrada Aztecas.
9 (RLIN) 2396
650 14 - PUNTO DE ACCESO ADICIONAL DE MATERIA--TÉRMINO DE MATERIA
Término de materia o nombre geográfico como elemento de entrada Indios de México
Subdivisión general Antigüedades.
9 (RLIN) 9131
651 #4 - PUNTO DE ACCESO ADICIONAL DE MATERIA--NOMBRE GEOGRÁFICO
Nombre geográfico México
Subdivisión general Descripción y viajes.
9 (RLIN) 103
902 ## - CATALOGADOR
Iniciales GFM
942 ## - ELEMENTOS DE PUNTO DE ACCESO ADICIONAL (KOHA)
Fuente del sistema de clasificación o colocación Library of Congress Classification
Tipo de ítem Koha Libros
Holdings
Estado de retiro Estado de pérdida Estado dañado No para préstamo Localización permanente Ubicación/localización actual Fecha de adquisición Número de inventario Total de préstamos Signatura topográfica completa Código de barras Fecha visto por última vez Precio válido a partir de Tipo de ítem Koha
El ejemplar forma parte de la colección y puede ser consultado según las políticas vigentes.       Biblioteca del Museo Franz Mayer (Rogerio Casas-Alatriste) Biblioteca del Museo Franz Mayer (Rogerio Casas-Alatriste) 25/07/2009 B117   F1215 .B76 1883 (B117) 3510 22/03/2019 22/03/2019 Libros